| 000 | 005300000a22001810004500 | ||
|---|---|---|---|
| 003 | MACL | ||
| 005 | 20160527132803.0 | ||
| 008 | 160527b xxu||||| |||| 00| 0 eng d | ||
| 040 |
_aMACL _cMACL |
||
| 041 | _aHindi | ||
| 082 | _a891.433 | ||
| 100 |
_aजहीर, सज्जाद _960158 |
||
| 245 |
_aरौशनी का सफर _cसज्जाद जहीर |
||
| 260 |
_bसारांश _c1994 _aदिल्ली |
||
| 350 | _a125 | ||
| 650 |
_aNovel _960159 |
||
| 942 |
_cHIN _k891.433/JAH/N _2ddc |
||
| 999 |
_c20959 _d20959 |
||